Perspektivní trhy v islámských zemích Blízkého východu

Perspektívne trhy islamských krajín Blízkeho východu. Základom bohatstva týchto krajín je ťažba ropy a čiastočne i plynu, ich spracovanie a vývoz. Plyn nie je zatiaľ v regióne dostatočne využívaný. Perspektíva vybudovania plynovodu. Irak, Irán, Saudská Arábia, Kuvajt - charakteristika trhov týchto k...

Ausführliche Beschreibung

Gespeichert in:
Bibliographische Detailangaben
1. Verfasser: Levora, J.
Format: Buchkapitel
Sprache:Tschechisch
Schlagworte:
Tags: Tag hinzufügen
Keine Tags, Fügen Sie das erste Tag hinzu!

MARC

LEADER 00000naa a2200000 4500
001 r000325
005 20221205080100.3
041 0 |a cze 
044 |a CZ 
245 1 0 |a Perspektivní trhy v islámských zemích Blízkého východu  |c J. Levora 
520 |a Perspektívne trhy islamských krajín Blízkeho východu. Základom bohatstva týchto krajín je ťažba ropy a čiastočne i plynu, ich spracovanie a vývoz. Plyn nie je zatiaľ v regióne dostatočne využívaný. Perspektíva vybudovania plynovodu. Irak, Irán, Saudská Arábia, Kuvajt - charakteristika trhov týchto krajín. 
610 2 0 |a trh 
610 2 0 |a Blízky východ 
610 2 0 |a ropa 
610 2 0 |a plyn 
610 2 0 |a vývoz 
100 1 |a Levora, J.